Miraculous - Akumatisé.e.s Multiples - Statistiques

Statistiques générales
  • Ce quiz a été pris 77 fois
    6 depuis la dernière actualisation
  • Le résultat moyen est 61 sur 72
Statistiques - réponses
Hint Réponse % Correct
Nora Césaire Anansi
100%
Chloé Bourgeois Antibug
100%
Gina Bianchi Befana
100%
Roland Dupain Boulangerix
100%
Nino Lahiffe Bulleur
100%
Nino Lahiffe Carapire
100%
Nathalie Sancoeur Catalyste
100%
Adrien Agreste Chat Blanc
100%
Armand d'Argencourt Chevalier Noir
100%
Aurore Boréale Climatika
100%
Aurore Boréale Climatiqueen
100%
Gabriel Agreste Collectionneur
100%
Kim Chien Lê Dislocoeur
100%
Bob Roth Disque d'or
100%
Adrien Agreste Ephémère
100%
Max Kanté Gamer
100%
Max Kanté Gamer 2.0
100%
Denis Damoclès Hibou Noir
100%
Tomoé Tsurugi Ikari Gozen
100%
Théo Barbot Imposteur
100%
Alya Césaire Lady Wifi
100%
André Bourgeois Maledikteur
100%
Chloé Bourgeois Miracle Queen
100%
Chloé Bourgeois Penalty
100%
Chloé Bourgeois Queen Banana
100%
Chloé Bourgeois Queen Wasp
100%
Alya Césaire Rena Rage
100%
Kagamin Tsurugi Riposte
100%
Kagamin Tsurugi Riposte Prime
100%
Roger Raincomprix Rogercop
100%
Nathalie Sancoeur Safari
100%
Luka Couffaine Silence
100%
Audrey Bourgeois Style Queen
100%
Nora Césaire Tristanansi
100%
Luka Couffaine Vérité
100%
Caline Bustier Zombizou
100%
Lila Rossi Caméléon
80%
Armand d'Argencourt Château Noir
80%
Roger Raincomprix Daddycop
80%
Lila Rossi Infox
80%
Sabrina Raincomprix Invisible
80%
Nino Lahiffe Larme Ultime
80%
Noël Lahiffe Maître Noël
80%
Audrey Bourgeois Mangeamour
80%
André Bourgeois Mangeamour
80%
Kagamin Tsurugi Mensonge
80%
Vincent Asa Numéric
80%
Nino Lahiffe Oblivio
80%
Alya Césaire Oblivio
80%
Kagamin Tsurugi Oni-Chan
80%
Chloé Bourgeois Reine Maire
80%
Vincent Asa Revelator
80%
Gina Bianchi Riginarazione
80%
Ondine Syren
80%
Lila Rossi Timestalker
80%
Noël Lahiffe Timetagger
80%
Lila Rossi Volpina
80%
Kim Chien Lê Dismoqueur
60%
Denis Damoclès Grand Duc
60%
Caline Bustier Mademoiselle Sans-Culotte
60%
Tomoé Tsurugi Matagi Gozen
60%
Sabrina Raincomprix Miraculeur
60%
Théo Barbot Monsieur Agreste
60%
Chloé Bourgeois Pire Que Pirkell
60%
Ondine Princesse Syren
60%
Gabriel Agreste Psycauchemardeur
60%
Kagamin Tsurugi Ryukomori
60%
Roland Dupain Simplificator
60%
Tomoé Tsurugi Yaksi Gozen
60%
Bob Roth Boniac
40%
Max Kanté Gamer 3.0
40%
Lila Rossi Spectropillard
20%
Aucun quiz correspondant
Distribution des résultats
% des personnes avec chaque résultat
Percentile par nombre de réponses
Votre historique - résultats
Vous n’avez pas pris ce quiz depuis la dernière actualisation